00151nam a2200061Ia 4500008004100000100002300041245002500064120527s9999 xx 000 0 und d aHilgard,R. Earnest aTheories of Learning